000 00880nam a2200301Ia 4500
001 79502
003 IT-RoPAU
008 130308s9999 xx 000 0 und d
040 _aIT-RoPAU
040 _cIT-RoPAU
041 _aITALIANO
100 _aRositi Franco
100 _gCodice Aut. SPICS: 1879
245 _aAnalisi dei dati della programmazione
245 _bSipario! - storia e modelli del Teatro Televisivo in Italia
250 _a1a ed.
260 _aTORINO
260 _bERI - Edizioni Rai
260 _c1989 [1° Ed.:1989 - Ed.Ling.Originale:1989]
300 _a"12 p. (prefazione: no ; testo: 12 [pagine: 9-20])"
500 _aAnacronismo del Teatro Televisivo? Comportamento delle reti Tabelle Varie
650 _aSAGGI SULLA TELEVISIONE
650 _eCodice materia Spics: 6961
942 _cBK
957 _71
999 _c57539
_d57539
999 _bSI
999 _g1